Statistics for Fictional Sports and Games

Click here to take the quiz!

General Stats

  • This quiz has been taken 41 times
  • The average score is 6 of 15

Answer Stats

HintFictional Sport/Game% Correct
Harry Potter's favoritequidditch
93%
Jungle-themed board game that comes aliveJumanji
90%
Battle royale death match of Katniss EverdeenThe Hunger Games
85%
These vehicles race in The Phantom Menacepodracing
60%
Subject of 1998 Trey Smith and Matt Parker comedybaseketball
38%
Dystopian reality show: Convicts are hunted to deathThe Running Man
38%
Subject of 1975 James Caan sci-fi sports filmrollerball
35%
This film's murderous Transcontinental Road RaceDeath Race
33%
Space adventure game that is a sequel to JumanjiZathura
33%
Virtual reality world in Ready Player OneOASIS
25%
Motorcycle-like vehicle in Tron that leaves a trailLight Cycle
18%
30th century version of baseball in Futuramablernsball
15%
Board game played in 1977's Star WarsHolochess (Dejarik)
13%
Subject of 1998 Wesley Snipes and Dean Cain filmFuturesport
8%
The Office's race of paper stacks and M&Msflonkerton
5%

Score Distribution

Percentile by Number Answered

Percent of People with Each Score

Your Score History

You have not taken this quiz